000 00623nam 22002053 4500
001 201207
090 _a201207
100 _a20260312d u||y0pory50 ba
101 _apor
102 _aPT
200 _aTentar Perceber
_fVasco Pulido Valente
210 _a[Lisboa]
_cImprensa Nacional-Casa da Moeda
_d1983
215 _a571, [9] p.
_cBrochado
_d25 cm
225 _aTemas portugueses
606 _98546
_aCiências Sociais
_xPolítica Interna
675 _a323.2(469)/VAL/TEN
_vPT
_zpor
700 _94389
_aValente
_bVasco Pulido
_f1941-2020
801 _aPT
_bBMMN
_gRPC
830 _cCarlos Pinto
_d12-03-2026
_fCarlos Pinto
990 _cLIVROS